Potreba ekonomického vzdelávania a podnikateľských zručností na základe výsledkov empirického výskumu u lekárov vykonávajúcich súkromnú prax
Rozvoj podnikateľských zručností u absolventov študijných programov všeobecné a zubné lekárstvo pre zvládnutie podnikania v súvislosti s výkonom súkromnej lekárskej praxe.
Salvato in:
| Autore principale: | |
|---|---|
| Natura: | Capitolo di libro |
| Lingua: | slovacco |
| Soggetti: | |
| Tags: |
Nessun Tag, puoi essere il primo ad aggiungerne!!
|
MARC
| LEADER | 00000naa$a2200000$$$4500 | ||
|---|---|---|---|
| 001 | 0205775 | ||
| 005 | 20240502073427.4 | ||
| 041 | 0 | |a slo | |
| 044 | |a SK | ||
| 245 | 1 | 0 | |a Potreba ekonomického vzdelávania a podnikateľských zručností na základe výsledkov empirického výskumu u lekárov vykonávajúcich súkromnú prax |c Marta Matulčíková |
| 520 | |a Rozvoj podnikateľských zručností u absolventov študijných programov všeobecné a zubné lekárstvo pre zvládnutie podnikania v súvislosti s výkonom súkromnej lekárskej praxe. | ||
| 610 | 2 | 0 | |a podnikanie súkromné |
| 610 | 2 | 0 | |a zámery podnikateľské |
| 610 | 2 | 0 | |a zručnosti |
| 610 | 2 | 0 | |a lekári |
| 610 | 2 | 0 | |a vzdelávanie |
| 610 | 2 | 0 | |a ekonómia |
| 610 | 2 | 0 | |a zdravotníctvo |
| 100 | 1 | |a Matulčíková, Marta, 1964- | |